Les 20 préfectures départementales les plus proches de Paris à vol d'oiseau - Statistiques

Statistiques générales
  • Ce quiz a été pris 410 fois
  • Le résultat moyen est 17 sur 20
Statistiques - réponses
Distance (km) Préfecture % Correct
18 Versailles (Yvelines)
96%
111 Orléans (Loiret)
95%
26 Évry (Essonne)
91%
116 Amiens (Somme)
90%
11 Nanterre (Hauts-de-Seine)
90%
112 Rouen (Seine-Maritime)
90%
67 Beauvais (Oise)
88%
29 Cergy (Val-d'Oise)
88%
78 Chartres (Eure-et-Loir)
88%
41 Melun (Seine-et-Marne)
88%
9 Bobigny (Seine-Saint-Denis)
87%
11 Créteil (Val-de-Marne)
87%
149 Auxerre (Yonne)
82%
90 Évreux (Eure)
80%
141 Troyes (Aube)
80%
121 Laon (Aisne)
78%
160 Blois (Loir-et-Cher)
76%
163 Arras (Pas-de-Calais)
67%
148 Châlons-en-Champagne (Marne)
62%
173 Alençon (Orne)
60%
Aucun quiz correspondant
Distribution des résultats
% des personnes avec chaque résultat
Percentile par nombre de réponses
Votre historique - résultats
Vous n’avez pas pris ce quiz